<?xml version="1.0" encoding="UTF-8"?>
<marc:record xmlns:marc="http://www.loc.gov/MARC21/slim">
   <marc:leader>00000nam a2200000 a 4500</marc:leader>
   <marc:datafield ind1="1" ind2=" " tag="100">
      <marc:subfield code="a">Zang, Tina</marc:subfield>
      <marc:subfield code="4">aut</marc:subfield>
      <marc:subfield code="e">Verfasser/-in</marc:subfield>
   </marc:datafield>
   <marc:datafield ind1=" " ind2=" " tag="653">
      <marc:subfield code="a">Magie</marc:subfield>
   </marc:datafield>
   <marc:datafield ind1=" " ind2=" " tag="653">
      <marc:subfield code="a">Schule</marc:subfield>
   </marc:datafield>
   <marc:datafield ind1=" " ind2=" " tag="653">
      <marc:subfield code="a">Kinderbuch</marc:subfield>
   </marc:datafield>
   <marc:datafield ind1=" " ind2=" " tag="653">
      <marc:subfield code="a">Kinderbücher bis 11 Jahre</marc:subfield>
   </marc:datafield>
   <marc:datafield ind1=" " ind2=" " tag="653">
      <marc:subfield code="a">Geschenk Kinder</marc:subfield>
   </marc:datafield>
   <marc:datafield ind1=" " ind2=" " tag="653">
      <marc:subfield code="a">Magie Kinderbuch</marc:subfield>
   </marc:datafield>
   <marc:datafield ind1=" " ind2=" " tag="653">
      <marc:subfield code="a">Schullektüre</marc:subfield>
   </marc:datafield>
   <marc:datafield ind1=" " ind2=" " tag="653">
      <marc:subfield code="a">Buch für die Schultüte</marc:subfield>
   </marc:datafield>
   <marc:datafield ind1=" " ind2=" " tag="653">
      <marc:subfield code="a">Klassenlektüre</marc:subfield>
   </marc:datafield>
   <marc:datafield ind1=" " ind2=" " tag="653">
      <marc:subfield code="a">Leseförderung Grundschule</marc:subfield>
   </marc:datafield>
   <marc:datafield ind1=" " ind2=" " tag="653">
      <marc:subfield code="a">Schulgeschichten</marc:subfield>
   </marc:datafield>
   <marc:datafield ind1=" " ind2=" " tag="653">
      <marc:subfield code="a">Zauberschule</marc:subfield>
   </marc:datafield>
   <marc:datafield ind1=" " ind2=" " tag="653">
      <marc:subfield code="a">Weihnachtsgeschenk</marc:subfield>
   </marc:datafield>
   <marc:datafield ind1="0" ind2="0" tag="245">
      <marc:subfield code="a">Ein Schuljahr voller Zauberei</marc:subfield>
   </marc:datafield>
   <marc:datafield ind1="0" ind2="0" tag="245">
      <marc:subfield code="b">Band 1</marc:subfield>
   </marc:datafield>
   <marc:datafield ind1="0" ind2="0" tag="245">
      <marc:subfield code="c">Zang, Tina</marc:subfield>
   </marc:datafield>
   <marc:datafield ind1=" " ind2="1" tag="264">
      <marc:subfield code="a">München</marc:subfield>
      <marc:subfield code="b">arsEdition</marc:subfield>
   </marc:datafield>
   <marc:datafield ind1="1" ind2=" " tag="520">
      <marc:subfield code="a">Magisches Schulabenteuer für Kinder ab 8 Jahren&#xD;
Die lustigen Abenteuer von Elena, Felix und ihren Freunden sind ein großer Lesespaß und ein ideales Geschenk für Mädchen und Jungen ab 8 Jahren. Mit ihren vielen fröhlichen Bildern eignen sie sich zum Selberlesen ab der 2. Klasse und auch zum Vorlesen für die kleinen Geschwister. &#xD;
Achtung, dieses Klassenzimmer kann zaubern!&#xD;
Elena ist sauer: Weil ihre Eltern in das verschnarchte Kuhdorf Eigam gezogen sind, muss sie die Schule wechseln! Das ist sowas von ungerecht – und außerdem ist es dort sicher total öde!&#xD;
Doch als Elena in ihre neue Klasse kommt, geschehen jede Menge merkwürdige Dinge: Wohin ist die Schulkatze Finchen plötzlich verschwunden? Sind das tatsächlich drei Mäuse, die zum Ende einer jeden Stunde ein Lied piepsen? Und hat das Biologie-Skelett etwa gerade gewunken? &#xD;
Gemeinsam mit ihrem Mitschüler Felix versucht Elena, hinter das Geheimnis des zaubernden Klassenzimmers zu kommen. Vielleicht ist es in Eigam ja doch nicht so langweilig, wie sie ursprünglich dachte ...Lustige Unterhaltung für Magie-Fans: In diese Schule will jedes Kind gehen!Für große und kleine Geschwister: Ab 8 Jahren zum Selberlesen und zum Vorlesen für die KleinenSo macht Lesen Spaß: Kurze Kapitel in leicht lesbarer SchriftOriginell illustriert: Mit vielen lustigen Bildern von Sandra Reckers&#xD;
&#xD;
Das fröhliche Abenteuer der Kinderbuchautorin Tina Zang begeistert kleine und größere Leserinnen und Leser. Eine lustige Geschichte über Freundschaft, Familie und Schule − mit einer Prise Magie!</marc:subfield>
   </marc:datafield>
   <marc:datafield ind1=" " ind2=" " tag="020">
      <marc:subfield code="a">9783845857114</marc:subfield>
      <marc:subfield code="9">9783845857114</marc:subfield>
   </marc:datafield>
   <marc:datafield ind1=" " ind2=" " tag="020">
      <marc:subfield code="a">3845857110</marc:subfield>
      <marc:subfield code="9">3845857110</marc:subfield>
   </marc:datafield>
   <marc:datafield ind1=" " ind2=" " tag="041">
      <marc:subfield code="a">ger</marc:subfield>
   </marc:datafield>
   <marc:datafield ind1=" " ind2=" " tag="300">
      <marc:subfield code="b">Illustrationen</marc:subfield>
   </marc:datafield>
   <marc:datafield ind1="1" ind2=" " tag="521">
      <marc:subfield code="a">Kind</marc:subfield>
   </marc:datafield>
   <marc:datafield ind1=" " ind2=" " tag="338">
      <marc:subfield code="a">Band</marc:subfield>
   </marc:datafield>
   <marc:datafield ind1=" " ind2=" " tag="300">
      <marc:subfield code="a">136 Seiten</marc:subfield>
   </marc:datafield>
</marc:record>
